000
00324nam a2200133Ia 4500
005
20260328104337.0
008
260328s9999||||xx |||||||||||||| ||und||
100
_a
Van Dine, Alan
245
0
_a
Unconventional Builders /
_c
Alan Van Dine
260
_b
Harrington
300
_a
184 p.
650
_a
CONSTRUCCIÓN
942
_c
BK
999
_c
11957
_d
11957